[Event "Unterfranken-ch M2 56th"]
[Site "Stetten"]
[Date "2005.03.28"]
[Round "2"]
[White "Mueller, Rigo"]
[Black "Hofmann, Andreas"]
[Result "1-0"]
[WhiteElo "1959"]
[BlackElo "1745"]
[PlyCount "76"]
[EventDate "2005.03.28"]
[EventType "swiss"]
[EventRounds "9"]
[EventCountry "GER"]
[SourceTitle "EXT 2015"]
[Source "ChessBase"]
[SourceDate "2014.11.20"]
[SourceVersion "1"]
[SourceVersionDate "2014.11.20"]
[SourceQuality "1"]

1. d4 Nf6 2. Nf3 g6 3. Bf4 Bg7 4. e3 d6 5. Be2 Nh5 6. Bg5 h6 7. Bh4 g5 8. Nbd2 Nf6 9. Bg3 c6 10. a4 Bf5 11. h3 a5 12. c3 Qc8 13. Nc4 Qd8 14. Ncd2 Nbd7 15. Bxd6 b5 16. Ne5 exd6 17. Nxc6 Qc7 18. axb5 d5 19. b4 Nb8 20. Qa4 0-0 21. bxa5 Rc8 22. Nxb8 Rcxb8 23. c4 Ne4 24. Nxe4 Bxe4 25. 0-0 dxc4 26. Bxc4 Bf6 27. f3 Qg3 28. fxe4 Qxe3+ 29. Kh1 Bxd4 30. Rae1 Qc3 31. Rd1 Be5 32. Rxf7 Kh8 33. Rf3 Rxa5 34. Qb3 Qxb3 35. Rxb3 Rc8 36. Bf1 Ra4 37. Bd3 Kg7 38. b6 Rb8 1-0

[Event "Unterfranken-ch M2 51th"]
[Site "Sailauf"]
[Date "2000.04.26"]
[Round "4"]
[White "Mueller, Rigo"]
[Black "Klueber, Werner"]
[Result "1-0"]
[WhiteElo "1893"]
[BlackElo "1788"]
[PlyCount "157"]
[EventDate "2000.04.24"]
[EventType "swiss"]
[EventRounds "9"]
[EventCountry "GER"]
[SourceTitle "EXT 2015"]
[Source "ChessBase"]
[SourceDate "2014.11.20"]
[SourceVersion "1"]
[SourceVersionDate "2014.11.20"]
[SourceQuality "1"]

1. d4 d5 2. Bf4 e6 3. Nf3 Nf6 4. e3 Be7 5. Bd3 Nbd7 6. c4 c5 7. cxd5 Nxd5 8. Bg3 Qa5+ 9. Nbd2 N7f6 10. 0-0 cxd4 11. Nxd4 a6 12. Nc4 Qd8 13. Rc1 0-0 14. Bb1 Bd7 15. e4 Nb4 16. Ne5 Rc8 17. a3 Nc6 18. Nexc6 Bxc6 19. Nxc6 bxc6 20. Qe2 Qb6 21. Be5 Rfd8 22. Qc2 g6 23. Bc3 c5 24. Qe2 Ne8 25. Qf3 Rd7 26. Bc2 Rcd8 27. Rcd1 Rxd1 28. Rxd1 Rxd1+ 29. Qxd1 Qb7 30. Qe2 Nc7 31. a4 Qc6 32. Qc4 Ne8 33. e5 Qb7 34. Bd3 Nc7 35. Ba5 Nd5 36. b3 Nb4 37. Bxb4 cxb4 38. Qxa6 Qxa6 39. Bxa6 Bc5 40. Kf1 g5 41. Bb5 Bd4 42. a5 Bxe5 43. a6 Bd4 44. f3 f5 45. Ke2 Kf7 46. Kd3 e5 47. Bd7 Kf6 48. Kc4 h5 49. Kxb4 Ke7 50. Bxf5 Kd6 51. Kb5 h4 52. b4 Kc7 53. Kc4 Kd6 54. Be4 Bg1 55. Kb5 Kc7 56. Ka5 Bb6+ 57. Kb5 Bg1 58. Bd5 Bd4 59. Kc4 Kd6 60. Bb7 Ba7 61. Kd3 Bd4 62. Ke4 Ke6 63. Bd5+ Kd6 64. Bc4 Ba7 65. Kf5 Be3 66. Kf6 Kc7 67. Kxe5 Bf4+ 68. Kf5 Kb6 69. Kg4 Bd2 70. b5 Be3 71. g3 hxg3 72. hxg3 Bd2 73. Kf5 Be3 74. f4 gxf4 75. g4 Kc7 76. Ke6 f3 77. Kf6 Kd6 78. g5 Bd4+ 79. Kf7 1-0

[Event "Unterfranken-ch M2 51th"]
[Site "Sailauf"]
[Date "2000.04.25"]
[Round "3"]
[White "Krausert, Helmut"]
[Black "Mueller, Rigo"]
[Result "1-0"]
[WhiteElo "1854"]
[BlackElo "1893"]
[PlyCount "61"]
[EventDate "2000.04.24"]
[EventType "swiss"]
[EventRounds "9"]
[EventCountry "GER"]
[SourceTitle "EXT 2015"]
[Source "ChessBase"]
[SourceDate "2014.11.20"]
[SourceVersion "1"]
[SourceVersionDate "2014.11.20"]
[SourceQuality "1"]

1. c4 e5 2. Nc3 Nf6 3. g3 d5 4. cxd5 Nxd5 5. Bg2 Nb6 6. Nf3 Bd6 7. 0-0 c6 8. d3 0-0 9. Qc2 Re8 10. b3 N8d7 11. Bb2 Nf8 12. Nd2 Bf5 13. Nce4 Bc7 14. Nc5 Bc8 15. a4 Nbd7 16. b4 Nf6 17. a5 Nd5 18. Qa4 a6 19. Rac1 Nxb4 20. Nc4 Nd5 21. Qa1 f6 22. e4 Ne7 23. Rfd1 Ne6 24. d4 Nxc5 25. dxc5 Bd7 26. Bc3 Qc8 27. Nd6 Bxd6 28. Rxd6 Qc7 29. Qa2+ Kf8 30. Rcd1 Rad8 31. Qd2 1-0

[Event "Unterfranken-ch M2 51th"]
[Site "Sailauf"]
[Date "2000.04.24"]
[Round "1"]
[White "Krausert, Helmut"]
[Black "Mueller, Rigo"]
[Result "1/2-1/2"]
[WhiteElo "1854"]
[BlackElo "1893"]
[PlyCount "132"]
[EventDate "2000.04.24"]
[EventType "swiss"]
[EventRounds "9"]
[EventCountry "GER"]
[SourceTitle "EXT 2015"]
[Source "ChessBase"]
[SourceDate "2014.11.20"]
[SourceVersion "1"]
[SourceVersionDate "2014.11.20"]
[SourceQuality "1"]

1. e4 c5 2. Nf3 a6 3. d4 cxd4 4. Nxd4 Nf6 5. Nc3 e5 6. Nb3 Bb4 7. Qf3 d5 8. exd5 Qxd5 9. Qxd5 Nxd5 10. Bd2 Nxc3 11. bxc3 Ba3 12. Bd3 0-0 13. 0-0 Be6 14. Be4 Nc6 15. Rab1 f5 16. Bxc6 bxc6 17. Na5 Rfc8 18. c4 Be7 19. Rfe1 Bf6 20. Bc3 Bd8 21. Rxe5 Bxa5 22. Bxa5 Bxc4 23. Bc3 Rab8 24. Rbe1 Bxa2 25. f4 Rf8 26. Ra5 Bc4 27. Rc5 Bd5 28. Ra5 Ra8 29. Be5 Be4 30. c3 Rfd8 31. Bd4 Rd5 32. Rea1 Bd3 33. Rxd5 cxd5 34. Kf2 Rb8 35. Ke3 Bc4 36. h3 Kf7 37. g4 Re8+ 38. Be5 fxg4 39. hxg4 g6 40. Rh1 Kg8 41. Kd4 Rd8 42. f5 gxf5 43. gxf5 Rd7 44. Bf6 a5 45. Ra1 Ra7 46. Bd8 a4 47. Bb6 Ra6 48. Bc5 Bb3 49. Ke5 Rh6 50. Rg1+ Kf7 51. Rg4 Rh3 52. Bd4 a3 53. Kd6 Rh6+ 54. Kc5 Rf6 55. Bxf6 Kxf6 56. Rh4 a2 57. Rh1 Kxf5 58. Kd4 Kf4 59. Rf1+ Kg3 60. Ke3 Bc2 61. Rg1+ Kh2 62. Kf2 Bb1 63. Rg4 Kh3 64. Ra4 h5 65. Ra3 Kg4 66. Kg2 Kf5 1/2-1/2

[Event "Unterfranken-ch M2 48th"]
[Site "Bergrheinfeld"]
[Date "1997.??.??"]
[Round "5"]
[White "Mueller, Rigo"]
[Black "Staub, Florian"]
[Result "0-1"]
[WhiteElo "1918"]
[BlackElo "1813"]
[PlyCount "124"]
[EventDate "1997.03.31"]
[EventType "swiss"]
[EventRounds "9"]
[EventCountry "GER"]
[SourceTitle "EXT 2015"]
[Source "ChessBase"]
[SourceDate "2014.11.20"]
[SourceVersion "1"]
[SourceVersionDate "2014.11.20"]
[SourceQuality "1"]

1. e4 e6 2. d3 d5 3. Nd2 Bc5 4. Ngf3 Nc6 5. c3 e5 6. b4 dxe4 7. dxe4 Bd6 8. Bc4 Nf6 9. 0-0 Bg4 10. h3 Bh5 11. Re1 a6 12. Nf1 Qe7 13. Ng3 Bg6 14. a4 0-0 15. Bg5 h6 16. Nh4 Kh7 17. Ngf5 Qd8 18. Bd2 Ne7 19. Qf3 Qd7 20. Nxe7 Bxe7 21. Nxg6 fxg6 22. Qd1 Qc6 23. Qe2 Qe8 24. Bb3 Nh5 25. Rad1 Nf4 26. Bxf4 exf4 27. Rd3 c5 28. bxc5 Bxc5 29. e5 Rd8 30. Rf3 Qc6 31. e6 Rde8 32. Rd1 Qb6 33. Bd5 Rf5 34. Qe4 Re7 35. Rxf4 Bxf2+ 36. Kh1 Rg5 37. Rf1 Bg3 38. Rf7 Qd6 39. Rxe7 Qxe7 40. c4 Bc7 41. Qc2 Qd6 42. g4 Re5 43. Bxb7 Rxe6 44. Bd5 Re3 45. Qg2 Rg3 46. Qh2 Qa3 47. Bg2 Bd6 48. Rd1 Rd3 49. Rxd3 Qxd3 50. Qg1 Qxc4 51. Bf3 Qxa4 52. Qd1 Qf4 53. Qe2 a5 54. Be4 Qg3 55. Bxg6+ Kxg6 56. Qe6+ Kh7 57. Qf5+ Kg8 58. Qe6+ Kf8 59. Qf5+ Ke7 60. Qe4+ Qe5 61. Qb7+ Bc7 62. Qg2 Qh2+ 0-1

[Event "Unterfranken-ch M2 48th"]
[Site "Bergrheinfeld"]
[Date "1997.??.??"]
[Round "6"]
[White "Reitz, Helmut"]
[Black "Mueller, Rigo"]
[Result "1-0"]
[WhiteElo "1794"]
[BlackElo "1918"]
[PlyCount "67"]
[EventDate "1997.03.31"]
[EventType "swiss"]
[EventRounds "9"]
[EventCountry "GER"]
[SourceTitle "EXT 2015"]
[Source "ChessBase"]
[SourceDate "2014.11.20"]
[SourceVersion "1"]
[SourceVersionDate "2014.11.20"]
[SourceQuality "1"]

1. d4 g6 2. c4 Bg7 3. Nc3 d6 4. e4 Nc6 5. Be3 e5 6. d5 Nce7 7. f3 f5 8. Bd3 Bh6 9. f4 Nf6 10. fxe5 Bxe3 11. exf6 Ng8 12. Qe2 f4 13. f7+ Kxf7 14. g3 Nh6 15. Nf3 Kg7 16. Kd1 Rf8 17. h3 Qf6 18. g4 Nf7 19. Kc2 Re8 20. Raf1 g5 21. Qg2 Bd7 22. h4 h6 23. hxg5 hxg5 24. Rh7+ Kf8 25. Rfh1 Re5 26. Nxe5 dxe5 27. Qf3 Rc8 28. d6 c6 29. Qh3 Qxd6 30. Rxf7+ Kxf7 31. Qh7+ Ke8 32. Qh8+ Ke7 33. Rh7+ Ke6 34. Rh6+ 1-0

[Event "Unterfranken-ch HA 45th"]
[Site "Oberweissenbrunn"]
[Date "1994.??.??"]
[Round "9"]
[White "Susallek, Markus"]
[Black "Mueller, Rigo"]
[Result "1/2-1/2"]
[WhiteElo "1702"]
[BlackElo "1824"]
[PlyCount "48"]
[EventDate "1994.04.04"]
[EventType "swiss"]
[EventRounds "9"]
[EventCountry "GER"]
[SourceTitle "EXT 2015"]
[Source "ChessBase"]
[SourceDate "2014.11.20"]
[SourceVersion "1"]
[SourceVersionDate "2014.11.20"]
[SourceQuality "1"]

1. e4 c5 2. Nf3 Nc6 3. d4 cxd4 4. Nxd4 Nf6 5. Nc3 d6 6. Bg5 e6 7. Qd2 a6 8. 0-0-0 h6 9. Bxf6 Qxf6 10. Bc4 Nxd4 11. Qxd4 Qxd4 12. Rxd4 b5 13. Bb3 Bb7 14. f3 Be7 15. Kb1 Rc8 16. Rhd1 0-0 17. a4 bxa4 18. Nxa4 Rfd8 19. Nb6 Rb8 20. Na4 Bc6 21. Nc3 Rdc8 22. Rc4 Be8 23. Rxc8 Rxc8 24. Ba4 Rxc3 1/2-1/2

[Event "Unterfranken-ch M2 44th"]
[Site "Rieneck"]
[Date "1993.??.??"]
[Round "3"]
[White "Hauck, Juergen"]
[Black "Mueller, Rigo"]
[Result "1/2-1/2"]
[WhiteElo "1864"]
[BlackElo "1724"]
[PlyCount "37"]
[EventDate "1993.04.12"]
[EventType "swiss"]
[EventRounds "9"]
[EventCountry "GER"]
[SourceTitle "EXT 2015"]
[Source "ChessBase"]
[SourceDate "2014.11.20"]
[SourceVersion "1"]
[SourceVersionDate "2014.11.20"]
[SourceQuality "1"]

1. Nf3 Nf6 2. g3 g6 3. Bg2 Bg7 4. 0-0 0-0 5. c4 d6 6. Nc3 e5 7. d4 Nc6 8. d5 Ne7 9. e4 Nd7 10. Be3 f5 11. Ng5 Nf6 12. f3 h6 13. Nh3 g5 14. exf5 Nxf5 15. Qd2 Nxe3 16. Qxe3 Bf5 17. Nf2 Qd7 18. Nfe4 Kh8 19. Rad1 1/2-1/2

[Event "Unterfranken-ch M2 44th"]
[Site "Rieneck"]
[Date "1993.??.??"]
[Round "8"]
[White "Mueller, Rigo"]
[Black "Dittmann, Ulrich"]
[Result "1-0"]
[WhiteElo "1724"]
[BlackElo "1754"]
[PlyCount "155"]
[EventDate "1993.04.12"]
[EventType "swiss"]
[EventRounds "9"]
[EventCountry "GER"]
[SourceTitle "EXT 2015"]
[Source "ChessBase"]
[SourceDate "2014.11.20"]
[SourceVersion "1"]
[SourceVersionDate "2014.11.20"]
[SourceQuality "1"]

1. e4 c5 2. Nf3 Nc6 3. d4 cxd4 4. Nxd4 Nf6 5. Nc3 e5 6. Ndb5 d6 7. a4 a6 8. Na3 Be6 9. Bg5 Be7 10. Bxf6 Bxf6 11. Bc4 Nd4 12. Nd5 0-0 13. c3 Nc6 14. Nc2 Bg5 15. Nce3 Bxe3 16. Nxe3 Bxc4 17. Nxc4 Qg5 18. 0-0 Rad8 19. Ne3 Ne7 20. Qb3 Rd7 21. Rad1 Qf4 22. Qc4 Kh8 23. Nd5 Nxd5 24. Rxd5 f5 25. g3 Qf3 26. exf5 Qxf5 27. Qe2 h6 28. Rfd1 Rf6 29. c4 Rdf7 30. R1d2 Qb1+ 31. Qf1 Qg6 32. Qd3 e4 33. Qd4 Rc7 34. b3 Rc6 35. Qa7 e3 36. Qxe3 Re6 37. Qd3 Re1+ 38. Kg2 Qxd3 39. R5xd3 Rb1 40. Re2 Rb6 41. Ree3 Rc6 42. Kf3 Rb2 43. Re2 Rb1 44. Ke4 Rb6 45. Ree3 Rb2 46. Rf3 Kg8 47. h4 Re2+ 48. Kd4 Re7 49. Rde3 Rxe3 50. Rxe3 Kf7 51. Kd5 Rc6 52. g4 g6 53. f4 Rb6 54. h5 gxh5 55. gxh5 Rc6 56. b4 a5 57. b5 Rc5+ 58. Kxd6 Rxc4 59. Re7+ Kf6 60. Rxb7 Rxa4 61. Rh7 Rxf4 62. b6 Kg5 63. b7 Rb4 64. Kc7 Kxh5 65. b8Q Rxb8 66. Kxb8 Kg5 67. Kc7 h5 68. Kd6 Kg4 69. Ke5 h4 70. Ke4 Kg3 71. Ke3 h3 72. Rg7+ Kh2 73. Kf2 Kh1 74. Rg1+ Kh2 75. Ra1 a4 76. Rxa4 Kh1 77. Ra3 Kh2 78. Rg3 1-0

[Event "Unterfranken-ch M2 44th"]
[Site "Rieneck"]
[Date "1993.??.??"]
[Round "2"]
[White "Mueller, Rigo"]
[Black "Koehler, Reiner"]
[Result "1-0"]
[WhiteElo "1724"]
[BlackElo "1764"]
[PlyCount "85"]
[EventDate "1993.04.12"]
[EventType "swiss"]
[EventRounds "9"]
[EventCountry "GER"]
[SourceTitle "EXT 2015"]
[Source "ChessBase"]
[SourceDate "2014.11.20"]
[SourceVersion "1"]
[SourceVersionDate "2014.11.20"]
[SourceQuality "1"]

1. e4 c5 2. Nc3 Nc6 3. Nf3 e6 4. d4 cxd4 5. Nxd4 a6 6. Be2 Bb4 7. 0-0 Bxc3 8. bxc3 d5 9. exd5 Qxd5 10. Bf3 Qc4 11. Nxc6 bxc6 12. Qd6 Ne7 13. Rd1 Nd5 14. Ba3 Ra7 15. Qb8 Rc7 16. Bd6 Rd7 17. Qxc8+ Rd8 18. Bxd5 cxd5 19. Qxc4 dxc4 20. Rab1 f6 21. Ba3 Kf7 22. Kf1 Rhe8 23. Rb7+ Kg6 24. Rdd7 Rxd7 25. Rxd7 Rb8 26. Ra7 Rb1+ 27. Ke2 Ra1 28. Rxa6 Rxa2 29. Kd2 Ra1 30. Ra7 Kh6 31. Bc5 Rg1 32. g3 Rg2 33. h4 e5 34. Ra1 f5 35. Ke2 f4 36. Kf3 Rh2 37. Re1 g5 38. hxg5+ Kxg5 39. gxf4+ exf4 40. Re5+ Kf6 41. Bd4 Kg6 42. Kxf4 h5 43. Re6+ 1-0

[Event "Unterfranken-ch HB 43th"]
[Site "Sailauf"]
[Date "1992.??.??"]
[Round "3"]
[White "Heidenbluth, Karl"]
[Black "Mueller, Rigo"]
[Result "0-1"]
[WhiteElo "1460"]
[BlackElo "1679"]
[PlyCount "32"]
[EventDate "1992.04.20"]
[EventType "swiss"]
[EventRounds "9"]
[EventCountry "GER"]
[SourceTitle "EXT 2015"]
[Source "ChessBase"]
[SourceDate "2014.11.20"]
[SourceVersion "1"]
[SourceVersionDate "2014.11.20"]
[SourceQuality "1"]

1. e4 c5 2. Nf3 e6 3. d4 cxd4 4. Nxd4 a6 5. f4 Bc5 6. Nf3 Nf6 7. Nc3 Qb6 8. h3 Bf2+ 9. Ke2 Nh5 10. Rh2 Ng3+ 11. Kd3 Nc6 12. a3 d5 13. exd5 exd5 14. Nxd5 Bf5+ 15. Kd2 Rd8 16. c4 Qe3# 0-1

[Event "Unterfranken-ch HB 43th"]
[Site "Sailauf"]
[Date "1992.??.??"]
[Round "9"]
[White "Mueller, Rigo"]
[Black "Seuffert, Gabriel"]
[Result "0-1"]
[WhiteElo "1679"]
[BlackElo "1839"]
[PlyCount "128"]
[EventDate "1992.04.20"]
[EventType "swiss"]
[EventRounds "9"]
[EventCountry "GER"]
[SourceTitle "EXT 2015"]
[Source "ChessBase"]
[SourceDate "2014.11.20"]
[SourceVersion "1"]
[SourceVersionDate "2014.11.20"]
[SourceQuality "1"]

1. e4 c5 2. Nf3 Nc6 3. d4 cxd4 4. Nxd4 e5 5. Nb5 d6 6. c4 Be7 7. Be2 f5 8. N1c3 a6 9. Na3 Nf6 10. f3 Nd4 11. Be3 Nxe2 12. Qxe2 fxe4 13. Nxe4 Nxe4 14. fxe4 0-0 15. Qd2 Be6 16. Rf1 Rc8 17. Rd1 Kh8 18. Rxf8+ Qxf8 19. Qe2 Qf7 20. Rc1 h6 21. Qf3 Qg6 22. g3 Bh3 23. Bg1 Rf8 24. Qd3 Rf1+ 25. Kd2 Bg5+ 26. Be3 Rf2+ 27. Kc3 Rf3 28. Nc2 b5 29. Re1 bxc4 30. Qxc4 Be6 31. Qc6 Bf7 32. Kd3 d5 33. Qxg6 Bxg6 34. Kd2 Bxe3+ 35. Nxe3 Bxe4 36. Ng4 Rf5 37. b4 h5 38. Ne3 Rf2+ 39. Re2 Rxe2+ 40. Kxe2 Kg8 41. a4 Kf8 42. b5 axb5 43. axb5 Ke8 44. Nd1 d4 45. Nb2 Bd5 46. Kd3 Kd7 47. Na4 Kd6 48. Nb6 Be6 49. Na4 Kd5 50. b6 Bf5+ 51. Kd2 Kc6 52. Nb2 e4 53. Nc4 Be6 54. b7 e3+ 55. Kd1 Kxb7 56. Ne5 Kb6 57. Ke2 Kc5 58. Ke1 Kb4 59. Nd3+ Kc3 60. Nc5 Bd5 61. Ke2 Bc4+ 62. Ke1 Kc2 63. h3 d3 64. Nxd3 Kxd3 0-1

[Event "Unterfranken-ch HB 43th"]
[Site "Sailauf"]
[Date "1992.??.??"]
[Round "8"]
[White "Mueller, Rigo"]
[Black "Susallek, Markus"]
[Result "1-0"]
[WhiteElo "1679"]
[BlackElo "1638"]
[PlyCount "69"]
[EventDate "1992.04.20"]
[EventType "swiss"]
[EventRounds "9"]
[EventCountry "GER"]
[SourceTitle "EXT 2015"]
[Source "ChessBase"]
[SourceDate "2014.11.20"]
[SourceVersion "1"]
[SourceVersionDate "2014.11.20"]
[SourceQuality "1"]

1. d4 Nf6 2. c4 g6 3. Nf3 Bg7 4. e4 d6 5. Be2 0-0 6. Bg5 c5 7. d5 e6 8. Nc3 exd5 9. exd5 Bg4 10. Qd2 Re8 11. 0-0 Nbd7 12. Rfe1 a6 13. a4 Qa5 14. Bf4 Qc7 15. h3 Bxf3 16. Bxf3 Nb6 17. b3 Rad8 18. Rac1 Nfd7 19. Be4 Ne5 20. Re3 Nbd7 21. Rce1 Qa5 22. Bc2 Kf8 23. R1e2 Qc7 24. Qe1 Qb8 25. Ne4 f5 26. Ng5 Rc8 27. Nxh7+ Kg8 28. Ng5 Bh6 29. Ne6 Bxf4 30. Nxf4 Nf8 31. Nd3 Kf7 32. Nxe5+ dxe5 33. Rxe5 Nd7 34. Re7+ Rxe7 35. Rxe7+ 1-0